00521nam a22001697a 450000500170000000800410001708200170005810000180007524500660009325000110015930000080017050000180017865000210019670000170021799900170023495201000025120230921122659.0230915b |||||||| |||| 00| 0 eng d a615.1bALL-A aAllen,Loyd V. aAnsel's pharmaceutical dosage forms and drug delivery systems a8th.ed a726 aInclude Index aMedical/Pharmacy aLoyd V.Allen c33592d33592 00104070aSIRCbSIRCcmedicald2023-09-15l0o615.1 ALL-A p20472r2023-09-15w2023-09-15yBK